000 00806cam a22002531 4500
001 ne 68003867
003 DLC
005 20260227111847.0
008 860129m19649999tu d 000 0 tur
010 _ane 68003867
035 _a(OCoLC)13079302
040 _aDLC
_cTxU
_dDLC
041 0 _aturara
042 _apremarc
050 0 0 _aPL193.A7
_bA8
100 1 _aAtay, Hüseyin.
245 1 0 _aArapça-Türkçe büyük lûgat.
_bMuʻjam al-lughah, ʻArabī-Turkī.
_cHazırlayanlar: Hüseyin Atay, İbrahim Atay [ve] Mustafa Atay.
260 _aAnkara,
_bBayrak Matbaası,
_c1964-
300 _av.
_c24 cm.
650 0 _aArabic language
_xDictionaries
_xTurkish.
700 1 _aAtay, İbrahim,
_ejoint author.
700 1 _aAtay, Mustafa,
_ejoint author.
740 0 _aMuʻjam al-lughah, ʻArabī-Turkī.
999 _c50854
_d50854